Cement & Concrete Products Manufacturing / (Record no. 206983)

MARC details
000 -LEADER
fixed length control field 00469nam a22001697a 4500
005 - DATE AND TIME OF LATEST TRANSACTION
control field 20241114112212.0
010 ## - LCCN (DPL NO)
LC control number ENG-142617
020 ## - INTERNATIONAL STANDARD BOOK NUMBER
Terms of availability 1975..00
035 ## - SYSTEM CONTROL NUMBER
System control number EN-126149
037 ## - SOURCE OF ACQUISITION
Source of stock number/acquisition DBAD/PUB
100 ## - MAIN ENTRY--PERSONAL NAME
Personal name DEY, Ashish
245 ## - TITLE STATEMENT
Title Cement & Concrete Products Manufacturing /
Statement of responsibility, etc Ashish Dey
260 ## - PUBLICATION, DISTRIBUTION, ETC. (IMPRINT)
Place of publication, distribution, etc Delhi
Name of publisher, distributor, etc Asia Pacific Business Press Inc.
Date of publication, distribution, etc 2023
270 ## - ADDRESS
Address Delhi
300 ## - PHYSICAL DESCRIPTION
Extent 472p.
Other physical details 22cm(pbk)
942 ## - ADDED ENTRY ELEMENTS (KOHA)
Source of classification or shelving scheme Dewey Decimal Classification
Item type English Books
Call number suffix DEY
Classification part 666.9
Holdings
Withdrawn status Lost status Not for loan Collection code Home library Current library Date acquired Source of acquisition Cost, normal purchase price Full call number Barcode Copy number Cost, replacement price Koha item type
      Non-fiction Bawana Bawana 14/11/2024 DBAD 1975.00 666.9 DEY EN-126149 1 1975.00 English Books

© Delhi Public Library
Hit Counter
free hit counter